Kosmova Kronika česká

Český překlad Kosmovy Kroniky Čechů, jednoho z nejvýznamnějších děl českého středověkého dějepisectví a literatury.

Uloženo v:
Médium: E-kniha
Jazyk:Czech
Témata:
On-line přístup:Odkaz na plný text
Plný text
Plný text
Plný text
Obálka
Tagy:
Žádné tagy
LEADER 01581nam a2200313 a 4500
001 5232831
003 CZ-PrMKP
005 20260515093153.1
007 ta
008 260421s---------------e----------0-cze--
040 |a ABG001  |b cze 
043 |a e-xr--- 
072 7 |a 94(437)  |x Dějiny Česka a Slovenska  |2 Konspekt  |9 8 
080 |a 94(437.3)  |2 MRF_2014 
080 |a (437.3)  |2 MRF_2003 
080 |a (093.3)  |2 MRF_2003 
245 1 0 |a Kosmova Kronika česká 
520 2 |a Český překlad Kosmovy Kroniky Čechů, jednoho z nejvýznamnějších děl českého středověkého dějepisectví a literatury.  |b Kronika zachycuje dějiny Čechů od dob předhistorických až po autorovu současnost. Vychází z antických vzorů, českých legend, vyprávění svědků a z vlastní autorovy interpretace aktuálních politických událostí. Jako první dílo českého dějepisectví formuluje ideu českého státu a národa. 
648 4 |a do 1125 
651 7 |a Česko  |7 ge128065  |x dějiny  |2 czenas 
651 9 |a Czechia  |x history  |2 eczenas 
655 7 |a kroniky  |7 fd132684  |2 czenas 
655 9 |a chronicles  |2 eczenas 
856 4 1 |u http://search.mlp.cz/searchMKP.jsp?action=sTitul&key=5232831  |y Odkaz na plný text 
856 4 1 |q epub  |u https://web2.mlp.cz/koweb/00/05/23/28/31/kosmova_kronika_ceska.epub  |y Plný text 
856 4 1 |q pdf  |u https://web2.mlp.cz/koweb/00/05/23/28/31/kosmova_kronika_ceska.pdf  |y Plný text 
856 4 1 |q prc  |u https://web2.mlp.cz/koweb/00/05/23/28/31/kosmova_kronika_ceska.prc  |y Plný text 
856 4 1 |u https://web2.mlp.cz/koweb/00/05/23/28/31.jpg  |y Obálka 
910 |a ABG001